000 00270nam a2200097Ia 4500
001 1229287
005 20250827093058.0
008 250824s9999 xx 000 0 und d
245 0 _aYAŞANMIŞ HAYVAN ÖYKÜLERİ 1
_cGÜLTEN DAYIOĞLU
260 _bALTIN KİTAPLAR YAYINLARI
999 _c1229287
_d1229287